00566nam a2200181Ia 4500020001800000082001600018245008800034260004200122300001000164650002400174650003200198650003200230650004000262700001900302700001700321700002000338710002600358 a971-1022-27-3 a639.2 ASI-P 0aProceedings of the first Asian fisheries forum, Manila, Philippines, 26-31 May 1986 aManilabAsian Fisheries Societyc1986 a727p. aFish-culture - Asia aFisheries - Research - Asia aAquaculture industry - Asia aFisheries - Economic aspects - Asia aMaclean, J.L.  aDizon, L.B.  aHosillos, L.V.  aAsian fisheries forum